000 00997nmc a2200325 a 4500
003 AR-Y00000XR
005 20251128211940.0
008 157020s2006 ||||||||||||||000 | spa||
020 _a950-00-0532-8
040 _cAR-Y00000XR
245 1 0 _aSimuladores interconectables basados en lógica digital
250 _a1ª ed.
260 _aBuenos Aires
_bMinisterio de Educación, Ciencia y Tecnología. INET
_c2006
300 1 _a112, xxiiii p.
_bil.
_e1 CD-ROM
490 0 _aRecursos didácticos
_v23
500 0 _aSolicitar el CD-ROM en Mediateca
650 4 _aFORMACION PROFESIONAL
653 0 _aEDUCACION TECNOLOGICA
653 0 _aENSENANZA DE LA TECNOLOGIA
653 0 _aPROYECTOS CURRICULARES
653 0 _aCONTENIDOS CURRICULARES
653 0 _aPROYECTOS TECNOLOGICOS
653 0 _aCAPACITACION DOCENTE
700 1 _aCesetti, María Claudia
700 1 _aFrapiccini, Adrián
700 1 _aCesca, Daniel
700 1 _aPace, Daniel
942 _cBK
998 _cme-solo cat
999 _c21748
_d21748